000 00485nam a22001937a 4500
003 MPLRDC
005 20220104155634.0
008 210129b ||||| |||| 00| 0 eng d
020 _a957-8230-08-7
082 _a411.1 WGL
100 _a王桂良医师编译
245 _a解毒为健康之锁
_c
250 _a初版
260 _a台湾
_b元气齐出版社有限公司
_c1999
300 _b
490 _a元气系列. 55
650 _a健康法
942 _cBK
_o411.1 WGL
999 _c54600
_d54590